000 00388nam a2200145Ia 4500
008 100122s9999 xx 000 0 und d
082 _b15784
_a823.08
100 _aलेखक शोधणे
245 _aमोहर
260 _bसोमैय्या पब्लिकेशन
_c1969
300 _a279
630 _aमोहर
730 _aमोहर
942 _cBOOK
999 _c405944
_d405941